Peter y Wendy / (Registro nro. 15586)
[ vista simple ]
| 000 -LEADER | |
|---|---|
| fixed length control field | 01285nam a22003137a 4500 |
| 003 - CONTROL NUMBER IDENTIFIER | |
| control field | OSt |
| 005 - DATE AND TIME OF LATEST TRANSACTION | |
| control field | 20250808124812.0 |
| 008 - FIXED-LENGTH DATA ELEMENTS--GENERAL INFORMATION | |
| fixed length control field | 210913b2008 ck a||||r|||| 00| j spa d |
| 020 ## - INTERNATIONAL STANDARD BOOK NUMBER | |
| International Standard Book Number | 9789588471044 |
| 040 ## - CATALOGING SOURCE | |
| Original cataloging agency | CO-JMCR |
| Transcribing agency | CO-JMCR |
| 041 1# - LANGUAGE CODE | |
| Language code of text/sound track or separate title | spa |
| Language code of original | eng |
| 082 04 - DEWEY DECIMAL CLASSIFICATION NUMBER | |
| Classification number | C |
| Item number | BARp |
| Edition number | 23 |
| 100 1# - MAIN ENTRY--PERSONAL NAME | |
| Personal name | Barrie, James Matthew, |
| Relator term | autor |
| 9 (RLIN) | 40331 |
| 245 10 - TITLE STATEMENT | |
| Title | Peter y Wendy / |
| Statement of responsibility, etc. | James Matthew Barrie ; traducción de Inés Elvira Rocha ; nota introductoria de Julio Paredes Castro ; ilustrado por Olga Cuéllar |
| 246 ## - VARYING FORM OF TITLE | |
| Title proper/short title | Peter Pan |
| 260 ## - PUBLICATION, DISTRIBUTION, ETC. | |
| Place of publication, distribution, etc. | Bogotá : |
| Name of publisher, distributor, etc. | Alcaldía Mayor de Bogotá : Secretaria de Educación del Distrito : Fundación Gilberto Alzate Avendaño, |
| Date of publication, distribution, etc. | 2008 |
| 300 ## - PHYSICAL DESCRIPTION | |
| Extent | 191 páginas : |
| Other physical details | ilustraciones a blanco y negro ; |
| Dimensions | 17 cm. |
| 490 0# - SERIES STATEMENT | |
| Series statement | Libro al viento ; |
| Volume/sequential designation | 54 |
| 500 ## - GENERAL NOTE | |
| General note | Título original: Peter and Wendy |
| 546 ## - LANGUAGE NOTE | |
| Language note | Traducido del inglés. |
| 650 14 - SUBJECT ADDED ENTRY--TOPICAL TERM | |
| Topical term or geographic name entry element | Cuentos infantiles escoseses |
| Chronological subdivision | Siglo xx |
| 9 (RLIN) | 40332 |
| 650 24 - SUBJECT ADDED ENTRY--TOPICAL TERM | |
| Topical term or geographic name entry element | Literatura infantil escosesa |
| Chronological subdivision | Siglo xx |
| 9 (RLIN) | 40333 |
| 650 24 - SUBJECT ADDED ENTRY--TOPICAL TERM | |
| Topical term or geographic name entry element | Hadas en la literatura |
| 9 (RLIN) | 40334 |
| 650 24 - SUBJECT ADDED ENTRY--TOPICAL TERM | |
| Topical term or geographic name entry element | Niños en la literatura |
| 9 (RLIN) | 6989 |
| 700 1# - ADDED ENTRY--PERSONAL NAME | |
| Personal name | Rocha, Inés Elvira, |
| Relator term | traductora |
| 9 (RLIN) | 40335 |
| 700 1# - ADDED ENTRY--PERSONAL NAME | |
| Personal name | Paredes Castro, Julio, |
| Relator term | autor de nota introductoria |
| 9 (RLIN) | 14038 |
| 700 1# - ADDED ENTRY--PERSONAL NAME | |
| Personal name | Cuéllar, Olga, |
| Relator term | ilustradora |
| 9 (RLIN) | 1085 |
| 942 ## - ADDED ENTRY ELEMENTS (KOHA) | |
| Source of classification or shelving scheme | Dewey Decimal Classification |
| Koha item type | Books |
| Withdrawn status | Lost status | Source of classification or shelving scheme | Damaged status | Not for loan | Collection code | Home library | Current library | Date acquired | Source of acquisition | Total Checkouts | Full call number | Barcode | Date last seen | Date last checked out | Copy number | Price effective from | Koha item type |
|---|---|---|---|---|---|---|---|---|---|---|---|---|---|---|---|---|---|
| Dewey Decimal Classification | Fiction | Biblioteca Pública José María del Castillo y Rada | Biblioteca Pública José María del Castillo y Rada | 08/04/2021 | Donación | 2 | C BARp | 201811083 | 07/16/2024 | 07/16/2024 | Ej.1 | 09/13/2021 | Books |